| 000 | 01067nac a22002651u 4500 | ||
|---|---|---|---|
| 010 | _a 2005277165 | ||
| 020 | _a0273687395 (pbk. : text only) | ||
| 020 | _a0273687344 (text and cases) | ||
| 082 | 0 | 0 |
_a658.4/012 _bJ661 |
| 090 | _c183 | ||
| 100 | _aJohnson, Gerry. | ||
| 245 | 1 | 0 |
_aExploring corporate strategy / _cGerry Johnson, Kevan Scholes, Richard Whittington. |
| 250 | _a7th ed. | ||
| 260 |
_aHarlow, Essex, England ; _aNew York : _bFT/Prentice Hall,2005 _c2005. |
||
| 300 |
_axxxv, 635 p. : _bill. (some col.) ; _c27 cm. |
||
| 650 | 0 | _aBusiness planning. | |
| 650 | 0 | _aStrategic planning. | |
| 650 | 0 | _aBusiness planning | |
| 650 | 0 | _aStrategic planning | |
| 700 | 1 | _aScholes, Kevan. | |
| 700 | 1 |
_aWhittington, Richard, _d1958- |
|
| 942 |
_cBB _k658.4012J661 |
||
| 999 |
_c183 _d183 |
||